| 000 | 00892cab a22001935a 4500 | ||
|---|---|---|---|
| 001 | L152614 | ||
| 008 | 110405e20110325xxk 000 0 eng d | ||
| 035 | _a(Sirsi) u152614 | ||
| 041 | 0 | _aeng | |
| 110 | 2 |
_aProperty Week _91549 |
|
| 245 | 0 | 0 | _aBroadens horizons to find best places to invest |
| 260 | _v2011 | ||
| 490 | 0 |
_aProperty Week _v77(12) 25 March 2011, 36(1) |
|
| 520 | _aSt Bride's Managers think that UK institutional investors need to alter their strategies radically to keep pace with the changing world of property investment. Reveals the top 20 world cities for property investment from a risk management perspective with London in pole position with seven of the cities in North America and eight in the Asia Pacific region. | ||
| 590 | _aKA | ||
| 651 | 4 | _aInternational | |
| 690 | _aPROPERTY-COMMERCIAL PROPERTY-COMMERCIAL PROPERTY FINANCE AND INVESTMENT | ||
| 942 | _n0 | ||
| 999 |
_c83026 _d83026 |
||